Arrêts de la ligne 28 de Lyon (TCL) - Statistiques

Statistiques générales
  • Ce quiz a été pris 5 fois
  • Le résultat moyen est 14 sur 26
Statistiques - réponses
Arrondissement Arrêt % Correct
Meyzieu Meyzieu Zi
100%
Genas Genas Place Jean Jaurès
75%
Genas La Boutasse
75%
Genas Lamartine
75%
Meyzieu Meyzieu Avenue de Crottay
75%
Genas Pensionnat
75%
Genas Zéphyrs
75%
Chassieu Chassieu Grandes Terres
50%
Chassieu Chassieu Place
50%
Chassieu Cité Ribaud
50%
Genas Forum
50%
Genas Genas Jean Mermoz
50%
Genas Genas Place République
50%
Genas Genas - Salengro
50%
Chassieu Les Pyes
50%
Vaulx-en-Velin Marius Grosso
50%
Genas Massard
50%
Genas République - Réaux
50%
Genas Rond-Point de l'Épine
50%
Vaulx-en-Velin Roosevelt Centre Commercial
50%
Vaulx-en-Velin Sept Chemins
50%
Vaulx-en-Velin Vaulx-en-Velin La Soie
50%
Genas Danton - République
25%
Genas Genas Antoine Pinay
25%
Saint-Priest La Grande Plaine
25%
Genas Genas Salle Polyvalente
0%
Aucun quiz correspondant
Distribution des résultats
% des personnes avec chaque résultat
Percentile par nombre de réponses
Votre historique - résultats
Vous n’avez pas pris ce quiz